00634nam a2200169Ia 4500008004100000082001400041100002200055245007900077260002900156300000800185500002400193650001500217942000700232952010400239952010400343999001700447230524s9999 xx 000 0 und d a1.42bMAD aC.Vasanta Madhavi 0aBusiness in Crisis: How to Conduct Business in a Crisis and Pull Out of It aNEW DELHIbTaxmannc2010 a108 aQuantity Number: 2 aManagement cBK 00104070aTATCLbTATCLcGENd2023-05-24l0o001.42 MADp42645r2023-05-24w2023-05-24yBKzMBA304 00104070aTATCLbTATCLcGENd2023-05-24l0o001.42 MADp42646r2023-05-24w2023-05-24yBKzMBA304 c49208d49208